| 000 | 00918nam a22002057a 4500 | ||
|---|---|---|---|
| 005 | 20210325180121.0 | ||
| 008 | s2541 th tha d | ||
| 020 | _a9745726265 | ||
| 041 | _atha | ||
| 050 | _aPL2306 ท622ห 2541 | ||
| 100 | 0 | _aเทพรัตนราชสุดาฯ สยามบรมราชกุมารี, สมเด็จพระ, ผู้แปล | |
| 245 | 1 | 0 | _aหยกใสร่ายคำ |
| 260 | 3 |
_aกรุงเทพฯ : _bภาควิชาภาษาจีน คณะศิลปศาสตร์ มหาวิทยาลัยธรรมศาสตร์, _c2541 |
|
| 300 |
_a224 หน้า : _b ภาพประกอบ ; _c 21 ซม. |
||
| 650 | 0 | 4 | _aกวีนิพนธ์จีน |
| 850 | _aNALT | ||
| 942 | _cGB | ||
| 997 |
_c000000000008515 _n[อาคารรัฐสภา 2] |
||
| 998 | _aMr.mover Books | ||
| 999 |
_c8515 _d8515 |
||